Score 0/58 Timer 04:00
0 Plays Today
% Correct
a
92.3%
a
92.3%
a
92.3%
a
92.3%
a
92.3%
In
84.6%
in
84.6%
the
84.6%
the
84.6%
in
84.6%
it
84.6%
it
84.6%
The
84.6%
to
76.9%
to
76.9%
was
69.2%
by
61.5%
of
53.8%
and
53.8%
an
53.8%
on
53.8%
and
53.8%
there
46.2%
Not
46.2%
or
38.5%
that
38.5%
lived
30.8%
hole
23.1%
hobbit.
23.1%
% Correct
hole,
23.1%
with
23.1%
hole
23.1%
with
23.1%
hobbit
23.1%
-hole,
23.1%
Hobbit
23.1%
JRR
23.1%
Tolkien
23.1%
ground
15.4%
dry,
15.4%
down
15.4%
nasty,
7.7%
dirty,
7.7%
wet
7.7%
filled
7.7%
ends
7.7%
worms
7.7%
oozy
7.7%
smell,
7.7%
nor
7.7%
yet
7.7%
bare,
7.7%
sandy
7.7%
nothing
7.7%
sit
7.7%
eat:
7.7%
means
7.7%
comfort
7.7%
Remove Ads.
Support Sporcle.
Get the best of Sporcle when you Go Orange. This ad-free experience offers more features, more stats, and more fun while also helping to support Sporcle. Thank you for becoming a member.

You're not logged in!

Compare scores with friends on all Sporcle quizzes.
OR
Log In

Sporcle TV

Today on Sporcle TV


Watch our educational content, quiz creation guides, and fun videos on Sporcle TV.

Show Comments

Extras

Created May 16, 2020ReportNominate
Tags:Novel Quiz, Opening Line

Top Quizzes Today


Score Distribution

Paid Content

Your Account Isn't Verified!

In order to create a playlist on Sporcle, you need to verify the email address you used during registration. Go to your Sporcle Settings to finish the process.

Report this User

Report this user for behavior that violates our Community Guidelines.

Details: